Die Volkswirtschaft der VR Polen

Titel: Die Volkswirtschaft der VR Polen / Paweł Bożyk
Verfasser:
Veröffentlicht: Warszawa : Verl. Interpress, 1975
Umfang: 182 S. : Ill.
Format: Buch
Sprache: Deutsch
Schlagworte:
Andere Ausgaben: Weitere Ausg. in verschiedenen Sprachen
Kein Bild verfügbar
X
alg: 5278290
001A    $00066:23-07-97 
001B    $00034:23-09-22 $t16:22:30.000 
001C    $03019:19-04-13 $t12:24:13.000 
001D    $09999:99-99-99 
001U    $0utf8 
001X    $00 
002@    $0Aau 
003@    $0052782905 
003O    $0251601225 $aOCoLC 
006G    $0760362505 
006U    $076,A46,0136 
007A    $0052782905 $aHEB 
007T    $0Herdhh052782905 
010@    $ager 
011@    $a1975 
013H    $0z 
021A    $aDie @Volkswirtschaft der VR Polen $hPaweł Bożyk 
022A/01 $aGospodarka Polski współczesnej $rdt. 
028A    $#Božik, Pavel $#Bożyk, P. $71167439279 $8Bożyk, Paweł$Z1939- [Tp1] $9436916495 
033A    $pWarszawa $nVerl. Interpress 
034D    $a182 S. 
034M    $aIll. 
039D    $aWeitere Ausg. in verschiedenen Sprachen 
044F    $aPlanwirtschaft 
044F    $bPolen 
045E    $b05a 

lok: 5278290 3

exp: 5278290 3 1 #EPN
201B/01 $004-03-14 $t14:55:39.000 
201U/01 $0utf8 
203@/01 $0612516849 
206W/01 $0UB1-s1710276 
208@/01 $a01-01-11 $brAa 
209A/01 $aHB 7: KPa 7/83 $du $f000 $hHB 7: KPA 7 83 $x00 
209B/01 $aStUB-Retro $x05 
247C/01 $8601000-3 <30>Frankfurt, Universitätsbibliothek J. C. Senckenberg, Zentralbibliothek (ZB) $9102598258 

lok: 5278290 21

exp: 5278290 21 1 #EPN
201B/01 $017-09-13 $t15:10:01.000 
201C/01 $023-07-97 
201U/01 $0utf8 
203@/01 $0113747233 
208@/01 $a23-07-97 $bz 
209A/01 $a77/186 $du $f120 $h77 186 $x00 
209G/01 $a51437152 $x00 
209G/01 $aEG $x01 
237A/01 $aRetro 
247C/01 $8641006-6 <66/6>Fulda, Hochschul- und Landesbibliothek Fulda, Standort Campus, Bestand Heinrich-von-Bibra-Platz $9322683599 

lok: 5278290 23

exp: 5278290 23 1 #EPN
201B/01 $029-11-24 $t14:22:30.000 
201C/01 $023-09-22 
201U/01 $0utf8 
203@/01 $01214362702 
208@/01 $a23-09-22 $br 
209A/01 $a35 1977 A 903 $du $f030 $h1977 A 903 $x00 
209B/01 $aREMA $x05 
209G/01 $a20837446 $x00 
209G/01 $aMagazin Holländischer Platz $x01 
247C/01 $8352030-4 <34/30>Kassel, UB Kassel, Standort Brüder-Grimm-Platz, Landesbibliothek und Murhardsche Bibliothek der Stadt Kassel $9102599475 

lok: 5278290 24

exp: 5278290 24 1 #EPN
201B/01 $018-04-06 $t10:38:40.000 
201C/01 $018-04-06 
203@/01 $0384853765 
208@/01 $a18-04-06 $br 
209A/01 $a32 XIII A 222 ü $du $f050 $h32 13 A 222 UE $x00 
209C/01 $aG 77.4412 $h77 4412 G 
209G/01 $a71364127 $x00 
220C/01 $aneu 
247C/01 $8358050-7 Marburg, Bibliothek des Herder-Instituts Marburg $9102600961 
201U/01 $0utf8 

lok: 5278290 66

exp: 5278290 66 1 #EPN
201B/01 $018-04-13 $t16:54:32.000 
201C/01 $018-04-13 
201U/01 $0utf8 
203@/01 $0674028996 
208@/01 $a18-04-13 $bz 
209A/01 $aGk Boż/V $du $f000 $x00 
209C/01 $a13/d471DB 
247C/01 $8618123-5 Darmstadt, Bibliothek des Deutschen Polen-Instituts $9102600902 

lok: 5278290 78

exp: 5278290 78 1 #EPN
201B/01 $019-04-17 $t16:55:52.000 
201U/01 $0utf8 
203@/01 $079281245X 
208@/01 $a12-11-16 $be 
209A/01 $a/ $f000 $x00 
237A/01 $aweiterführende Signatur(en): Herder-Institut: 32 XIII A 222 ü 
244Z/01 $2Trx $8--Trx--Monographie $x01 $9391384546 
247C/01 $82080>Marburg/Lahn, Herder-Institut, Forschungsbibliothek, Bibliographieportal $9336309341 

lok: 5278290 205

exp: 5278290 205 1 #EPN
201B/01 $015-09-16 $t10:28:02.000 
201C/01 $022-06-05 
201U/01 $0utf8 
203@/01 $0261757881 
208@/01 $a23-06-05 $bz 
209A/01 $a080 OEG Po 3779 $du $f000 $x00 
209B/01 $a80 $x05 
209C/01 $a05/164 OEG D 
247C/01 $8351000-1 <4>Marburg, Universität Marburg, Universitätsbibliothek $9102594767
LEADER 00000cam a2200000 c 4500
001 052782905
003 DE-603
005 20220923162230.0
007 tu
008 970723s1975 xx |||| | u00||u|ger
015 |a 76,A46,0136  |2 dnb 
016 7 |2 DE-101  |a 760362505 
035 |a (DE-599)HEB052782905 
035 |a (OCoLC)251601225 
040 |a DE-603  |b ger  |c DE-603  |d DE-603 
041 |a ger 
084 |a 05a  |q DE-101  |2 sdnb 
100 1 |a Bożyk, Paweł  |d 1939-  |0 (DE-603)436916495  |0 (DE-588)1167439279  |2 gnd 
245 0 0 |a ˜Dieœ Volkswirtschaft der VR Polen  |c Paweł Bożyk 
264 1 |a Warszawa  |b Verl. Interpress  |c 1975 
300 |a 182 S.  |b Ill. 
650 7 |a Planwirtschaft  |2 local 
651 7 |a Polen  |2 local 
700 1 2 |a Bożyk, Paweł  |d 1939-  |t Gospodarka Polski współczesnej  |g dt. 
776 0 8 |i Weitere Ausg. in verschiedenen Sprachen 
924 0 |9 30  |a (DE-603)612516849  |b DE-30  |c HES  |d c  |g HB 7: KPa 7/83 
924 0 |9 66/6  |a (DE-603)113747233  |b DE-66-6  |c HES  |d c  |g 77/186  |h EG 
924 0 |9 34/30  |a (DE-603)1214362702  |b DE-34-30  |c HES  |d c  |g 35 1977 A 903  |h Magazin Holländischer Platz 
924 0 |9 Mb 50  |a (DE-603)384853765  |b DE-Mb50  |c HES  |d c  |g 32 XIII A 222 ü 
924 0 |9 Ds 123  |a (DE-603)674028996  |b DE-Ds123  |c HES  |d d  |g Gk Boż/V 
924 0 |9 2080  |a (DE-603)79281245X  |b DE-2080  |c HES  |d d  |g / 
924 0 |9 4  |a (DE-603)261757881  |b DE-4  |c HES  |d c  |g 080 OEG Po 3779